Movies by Main character - Statistics

General Stats
  • This quiz has been taken 114 times
  • The average score is 11 of 16
Answer Stats
Picture Answer % Correct
Titanic
98%
Harry Potter
96%
Forrest Gump
92%
Indiana Jones
83%
Back to the future
81%
American Psycho
77%
The Hangover
74%
Borat
68%
Castaway
64%
Mrs. Doubtfire
62%
Django Unchained
60%
Interstellar
54%
The Godfather
49%
Inception
48%
No Country for Old Men
29%
Arrival
26%
No matching quizzes found
Score Distribution
Percent of People with Each Score
Percentile by Number Answered
Your Score History
You have not taken this quiz